| 000 | 00812nam a2200229Ia 4500 | ||
|---|---|---|---|
| 003 | OSt | ||
| 005 | 20220925210526.0 | ||
| 006 | a|||||r|||| 00| 0 | ||
| 007 | ta | ||
| 008 | 220923b |||||||| |||| 00| 0 eng d | ||
| 037 | _cGeneral Book | ||
| 040 |
_aRTL _cRTL _beng |
||
| 041 |
_2eng _aeng |
||
| 082 | _aSingmasn2,N50, 418 CD-ROM P | ||
| 100 |
_aNational Sample Survey (NSS) Report. 50th Round. _9272477 |
||
| 245 | 0 |
_aUnemployment in India, 1993-94 _b Salient features. Report no. 418 |
|
| 260 |
_aIndia _bGovt. Press _c1993 |
||
| 490 | _aEmployment and unemployment | ||
| 650 |
_aNational Sample Survey NSS Report _9272478 |
||
| 942 |
_hSingmasn2,N50, 418 CD-ROM P _cGB _2CC |
||
| 999 |
_c555339 _d555339 |
||